3 Geography Threesomes Quiz Stats

Quiz Updated Mar 23, 2016

Also try: Three of a Kind
Challenge
Share
Tweet
Embed
Score 0/9 Timer 01:30
7 Plays Today
Hint Answer % Correct
States that Border CaliforniaNevada
94%
States that Border CaliforniaOregon
90.9%
States that Border CaliforniaArizona
89.5%
Baltic StatesLatvia
81.2%
Baltic StatesEstonia
80.3%
Baltic StatesLithuania
79.4%
Capitals of South AfricaCape Town
79.4%
Capitals of South AfricaPretoria
72.8%
Capitals of South AfricaBloemfontein
34.7%

You're not logged in!

Compare scores with friends on all Sporcle quizzes.
Join for Free
OR
Log In

You Might Also Like...

Show Comments

Extras

Top Quizzes Today


Score Distribution

Your Account Isn't Verified!

In order to create a playlist on Sporcle, you need to verify the email address you used during registration. Go to your Sporcle Settings to finish the process.

Report this User

Report this user for behavior that violates our Community Guidelines.

Details: